00558nam a2200157Ia 4500008004100000041001200041082001600053100001800069245005600087260004800143300000800191650000700199942000700206999001500213952017200228221030s9999 xx 000 0 und d aEnglish a105.23bPad aK. R. Padiyar 0aHVDC : Power Transmission Systemscby K. R. Padiyar bNew Age International Pub.aNew Delhic2005 a289 aEE cBK c4737d4737 pBE 7781g200.00l0o105.23 Padr2024-06-13 00:00:00w2022-10-30yBK003Print4070aMIETLIBbMIETLIBcBL-Academic Block C, FL-2, CUP-162, SH-4, R-4d2005-10-2410HBE